Formwork for modern, efficient concrete construction (Record no. 107238)

MARC details
000 -LEADER
fixed length control field 00993cam a22002295a 4500
001 - CONTROL NUMBER
control field L138731
008 - FIXED-LENGTH DATA ELEMENTS--GENERAL INFORMATION
fixed length control field 070706s2007 xxk f 000 0 eng d
020 ## - INTERNATIONAL STANDARD BOOK NUMBER
International Standard Book Number 9781860819759
035 ## - SYSTEM CONTROL NUMBER
System control number (Sirsi) u138731
041 0# - LANGUAGE CODE
Language code of text/sound track or separate title eng
050 04 - LIBRARY OF CONGRESS CALL NUMBER
Classification number 693.5 $2 18
100 1# - MAIN ENTRY--PERSONAL NAME
Personal name Rupasinghe, Rohan
245 00 - TITLE STATEMENT
Title Formwork for modern, efficient concrete construction
260 ## - PUBLICATION, DISTRIBUTION, ETC.
Place of publication, distribution, etc. Watford
Name of publisher, distributor, etc. BRE Press
Date of publication, distribution, etc. 2007
300 ## - PHYSICAL DESCRIPTION
Extent 24p.
Other physical details ill.
Dimensions 30cm.
520 ## - SUMMARY, ETC.
Summary, etc. Describes the main types of concrete formwork systems that are available including table form/flying form, system column formwork, horizontal and vertical panel systems, jump form, slip form and tunnel form. Sets out their key features - process efficiency, safety and sustainability - in order to help construction professionals take full advantage of them.
590 ## - LOCAL NOTE (RLIN)
Local note KA
651 #4 - SUBJECT ADDED ENTRY--GEOGRAPHIC NAME
Geographic name International
690 ## - LOCAL SUBJECT ADDED ENTRY--TOPICAL TERM (OCLC, RLIN)
Topical term or geographic name as entry element BUILT ENVIRONMENT-BUILDING MATERIALS-CEMENTITIOUS, CONCRETE AND MINERAL BOUND MATERIALS
700 1# - ADDED ENTRY--PERSONAL NAME
Personal name Nolan, Eanna
942 ## - ADDED ENTRY ELEMENTS (KOHA)
Suppress in OPAC 0
Holdings
Withdrawn status Lost status Source of classification or shelving scheme Damaged status Not for loan Home library Current library Shelving location Date acquired Total Checkouts Full call number Barcode Date last seen Copy number Price effective from Koha item type
    Dewey Decimal Classification     London London Folio 17/08/2007   F693.5 RUP 30074001 06/08/2019 1 06/08/2019 Book